| 000 | 00589nam a2200169Ia 4500 | ||
|---|---|---|---|
| 003 | IN-BaIIA | ||
| 005 | 20250704113217.0 | ||
| 008 | 211028s9999 xx 000 0 eng d | ||
| 040 | _cIIA Library | ||
| 080 |
_a528.73 _bCLA |
||
| 100 |
_aClarke, A. R. _9136 |
||
| 245 | 0 |
_aComparisons of the standards of length of England, France, Belgium, Prussia, Russia, India, Australia _bmade at the ordnance survey office, Southampton _cA. R. Clarke |
|
| 260 |
_aLondon _bOrder of the Secretary of State for War _c1866 |
||
| 300 | _a287p. | ||
| 650 |
_aSurvey report _9137 |
||
| 942 |
_cBK _2ddc |
||
| 999 |
_c89 _d89 |
||